000 00478nam a2200205Ia 4500
001 10670
003 OSt
005 20251114134111.0
008 211022s9999 xx 000 0 und d
020 _a9643063089
040 _cIVS
082 _a760 MES
100 _aMeshki, Saed
245 0 _aHouman Mortazavi: Iranian Contemporary Graphic Designers 4
260 _aTehran
260 _bYassavoli Publications
260 _c2005
300 _a83 p.
942 _cBK
_n0
_2ddc
999 _c11734
_d11734